[Event "SVK-ch U2300"]
[Site "Liptovsky Jan"]
[Date "2024.06.17"]
[Round "5"]
[White "Slivka, Vasil"]
[Black "Greslik, Michal"]
[Result "0-1"]
[WhiteElo "1703"]
[BlackElo "1783"]
[PlyCount "126"]
[EventDate "2024.06.15"]
[EventType "swiss"]
[EventRounds "8"]
[EventCountry "SVK"]
[SourceTitle "CBM 220 Extra"]
[Source "ChessBase"]
[SourceDate "2024.07.31"]
[SourceVersion "1"]
[SourceVersionDate "2024.07.31"]
[SourceQuality "1"]

1. d4 Nf6 2. Nf3 g6 3. e3 Bg7 4. Nbd2 0-0 5. Bd3 b6 6. Ne4 Nxe4 7. Bxe4 d5 8. Bd3 a5 9. 0-0 c5 10. c3 c4 11. Be2 b5 12. Bd2 Nc6 13. b4 axb4 14. cxb4 e5 15. Bc3 e4 16. Ne1 Qd6 17. a3 f5 18. g3 g5 19. Ng2 Bh6 20. Bd2 g4 21. Bc3 Bg5 22. Nf4 Bd7 23. Kg2 Bxf4 24. gxf4 Ra4 25. Qd2 Qh6 26. Rh1 Qh3+ 27. Kg1 Rfa8 28. Bf1 Qh4 29. Qb2 h5 30. Be2 Qe7 31. Bd1 R4a7 32. Be2 Qg7 33. Kf1 Ne7 34. Rg1 Kf7 35. f3 Qf6 36. fxe4 fxe4 37. Be1 Rg8 38. Bd1 Nf5 39. Qc3 Raa8 40. Ra2 Rg6 41. Rag2 Rag8 42. Qd2 Qa6 43. Qc3 Ra8 44. Ra2 Qf6 45. Rag2 Nh4 46. Bxh4 Qxh4 47. Qb2 Rga6 48. a4 bxa4 49. Qa3 Bb5 50. Be2 Rc8 51. Rf2 Rg6 52. Rg3 Qe7 53. Rfg2 Bd7 54. Rg1 Rb8 55. h3 Qxb4 56. Qxb4 Rxb4 57. hxg4 Rb1+ 58. Kf2 Rxg1 59. Kxg1 a3 60. g5 a2 61. Kh2 a1Q 62. Bxh5 Qe1 63. Bxg6+ Kxg6 0-1

[Event "SVK-ch Amateurs"]
[Site "Liptovsky Jan"]
[Date "2023.06.16"]
[Round "4"]
[White "Slivka, Vasil"]
[Black "Daniska, Jozef"]
[Result "1-0"]
[WhiteElo "1554"]
[BlackElo "1277"]
[PlyCount "107"]
[EventDate "2023.06.15"]
[EventType "swiss"]
[EventRounds "8"]
[EventCountry "SVK"]
[SourceTitle "CBM 214 Extra"]
[Source "ChessBase"]
[SourceDate "2023.07.31"]
[SourceVersion "1"]
[SourceVersionDate "2023.07.31"]
[SourceQuality "1"]

1. d4 d5 2. c4 c6 3. Nc3 Nf6 4. cxd5 cxd5 5. e3 g6 6. Bd3 Bg7 7. Nge2 0-0 8. 0-0 a6 9. Ng3 Nc6 10. a3 Qc7 11. Bd2 Re8 12. Rc1 e5 13. dxe5 Qxe5 14. b4 d4 15. Na4 Be6 16. exd4 Nxd4 17. Bc3 Rad8 18. Nc5 Bd5 19. Re1 Qf4 20. Rxe8+ Rxe8 21. Bd2 Qd6 22. Be3 Nd7 23. Nxd7 Qxd7 24. Bc4 Rc8 25. Bxd5 Rxc1 26. Qxc1 Qxd5 27. Qc8+ Bf8 28. Bxd4 Qxd4 29. Qxb7 Qa1+ 30. Nf1 Qxa3 31. b5 axb5 32. Qxb5 Bc5 33. Qe8+ Kg7 34. Qe5+ Kh6 35. Qf6 Qa2 36. Qf4+ Kg7 37. Qe5+ Kh6 38. Qxc5 Qe6 39. Qe3+ Kg7 40. Qxe6 fxe6 41. Ne3 Kf6 42. Kf1 h5 43. h3 g5 44. f3 h4 45. Kf2 Ke5 46. Ng4+ Kf4 47. Nf6 Kf5 48. Ne4 Kf4 49. Ke2 e5 50. Kf2 Kf5 51. Ke3 Kg6 52. Nd6 Kf6 53. Ke4 Ke6 54. Nc4 1-0

[Event "Bratislava Slovakia op"]
[Site "Bratislava"]
[Date "2022.09.30"]
[Round "3"]
[White "Slivka, Vasil"]
[Black "Stevik, Patrik1"]
[Result "0-1"]
[WhiteElo "1569"]
[BlackElo "2148"]
[PlyCount "116"]
[EventDate "2022.09.30"]
[EventType "swiss (rapid)"]
[EventRounds "9"]
[EventCountry "SVK"]
[SourceTitle "CBM 210 Extra"]
[Source "ChessBase"]
[SourceDate "2022.11.30"]
[SourceVersion "1"]
[SourceVersionDate "2022.11.30"]
[SourceQuality "1"]

1. d4 g6 2. c4 Bg7 3. Nc3 d6 4. Nf3 Nf6 5. h3 0-0 6. e3 a6 7. Bd3 c6 8. 0-0 b5 9. cxb5 axb5 10. Ne4 Nbd7 11. Ng3 Ba6 12. Re1 c5 13. Qe2 c4 14. Bc2 b4 15. Qd2 Qb6 16. a3 b3 17. Bd1 Rfc8 18. Be2 Rab8 19. Bf1 c3 20. bxc3 Bxf1 21. Rxf1 b2 22. Bxb2 Qxb2 23. Qxb2 Rxb2 24. Rfc1 Nb6 25. a4 Ra8 26. a5 Nc4 27. a6 Rb6 28. a7 Rb7 29. Ra4 Nb2 30. Rb4 Raxa7 31. Rxb7 Rxb7 32. Rb1 Rb6 33. Nd2 Nc4 34. Rxb6 Nxb6 35. c4 Nfd7 36. Nge4 f5 37. Ng5 h6 38. Ne6 Kf7 39. Nxg7 Kxg7 40. Kf1 e5 41. Ke2 Kf6 42. f3 g5 43. g4 exd4 44. exd4 d5 45. c5 Nc4 46. Nb3 Nb8 47. Kd3 Nc6 48. Ke2 N4a5 49. Nxa5 Nxa5 50. Kd3 f4 51. Kc3 Nc6 52. Kd3 Ke7 53. Kc3 Kd7 54. Kd3 Kc7 55. Kc3 Kb7 56. Kd3 Ka6 57. Kc3 Kb5 58. Kd3 Kb4 0-1

[Event "Piestany op"]
[Site "Piestany"]
[Date "2014.11.16"]
[Round "3"]
[White "Slivka, Vasil"]
[Black "Vrtiakova, Anna"]
[Result "0-1"]
[WhiteElo "1581"]
[BlackElo "1819"]
[PlyCount "58"]
[EventDate "2014.11.15"]
[EventType "swiss"]
[EventRounds "8"]
[EventCountry "SVK"]
[SourceTitle "EXT 2023"]
[Source "ChessBase"]
[SourceDate "2022.10.05"]
[SourceVersion "1"]
[SourceVersionDate "2022.10.05"]
[SourceQuality "1"]

1. Nf3 d5 2. c4 e6 3. e3 Nf6 4. d4 Be7 5. Nc3 0-0 6. Be2 dxc4 7. Bxc4 a6 8. 0-0 b5 9. Be2 Bb7 10. a3 Nbd7 11. h3 c5 12. dxc5 Nxc5 13. b4 Qxd1 14. Rxd1 Nb3 15. Rb1 Nxc1 16. Rbxc1 Rfd8 17. Rxd8+ Rxd8 18. Nd4 e5 19. Nf5 Bf8 20. Ng3 g6 21. e4 Rc8 22. f3 Bh6 23. Rc2 Be3+ 24. Kf1 Bd4 25. Bd1 Rxc3 26. Rxc3 Bxc3 27. Ne2 Bd2 28. Bc2 Bc6 29. Bd1 Nd7 0-1

[Event "Stara Lubovna op"]
[Site "Stara Lubovna"]
[Date "2014.04.10"]
[Round "5"]
[White "Fenik, Jozef"]
[Black "Slivka, Vasil"]
[Result "0-1"]
[WhiteElo "1000"]
[BlackElo "1583"]
[PlyCount "28"]
[EventDate "2014.04.06"]
[EventType "swiss"]
[EventRounds "7"]
[EventCountry "SVK"]
[SourceTitle "CBM 160 Extra"]
[Source "ChessBase"]
[SourceDate "2014.07.01"]
[SourceVersion "1"]
[SourceVersionDate "2014.07.01"]
[SourceQuality "1"]

1. d4 b5 2. e4 Bb7 3. d5 a6 4. c4 c6 5. b3 d6 6. Be2 Nf6 7. Nd2 g6 8. Ngf3 Bg7 9. e5 Nfd7 10. dxc6 Bxc6 11. cxb5 axb5 12. 0-0 dxe5 13. Bb2 0-0 14. Rc1 Rxa2 0-1

[Event "Tatry op"]
[Site "Tatranske Zruby"]
[Date "2013.10.02"]
[Round "5"]
[White "Slivka, Vasil"]
[Black "Dvorakova, Olga"]
[Result "1-0"]
[WhiteElo "1604"]
[BlackElo "1250"]
[PlyCount "153"]
[EventDate "2013.09.29"]
[EventType "swiss"]
[EventRounds "9"]
[EventCountry "SVK"]
[SourceTitle "EXT 2023"]
[Source "ChessBase"]
[SourceDate "2022.10.05"]
[SourceVersion "1"]
[SourceVersionDate "2022.10.05"]
[SourceQuality "1"]

1. Nf3 Nc6 2. g3 e5 3. d3 Bc5 4. Bg2 d6 5. 0-0 Nf6 6. a3 Bg4 7. Nbd2 0-0 8. Nb3 Bb6 9. Bg5 h6 10. Bd2 Qd7 11. Qc1 Bh3 12. Bxh6 gxh6 13. Qxh6 Bxg2 14. Qg5+ Kh7 15. Kxg2 Ng4 16. Nh4 Rg8 17. Qh5+ Kg7 18. Qg5+ Kf8 19. Qd2 Qe6 20. h3 Nxf2 21. Rxf2 Bxf2 22. Kxf2 Qxh3 23. Qh6+ Ke8 24. Rg1 Qe6 25. Qxe6+ fxe6 26. e4 Rf8+ 27. Kg2 Kd7 28. c4 b6 29. g4 Ne7 30. Kg3 d5 31. Nd2 c5 32. a4 Rg8 33. cxd5 exd5 34. Nf5 Nxf5+ 35. exf5 Raf8 36. Rf1 a6 37. b3 b5 38. a5 Rf6 39. Nf3 e4 40. dxe4 dxe4 41. Nh4 Kd6 42. Kf4 Rh8 43. Rd1+ Kc6 44. Ng6 Rh3 45. Ne5+ Kc7 46. Kxe4 Rxb3 47. Kf4 c4 48. g5 Rf8 49. g6 c3 50. Kg5 c2 51. Rc1 Rc3 52. g7 Rg8 53. f6 Rg3+ 54. Ng4 Rf3 55. Rxc2+ Kd8 56. Kg6 Rg3 57. Kf7 Rxg7+ 58. fxg7 Rxg4 59. Rd2+ Kc7 60. g8Q Rxg8 61. Kxg8 Kc6 62. Rc2+ Kd5 63. Kf7 Ke5 64. Rc6 Kd4 65. Rxa6 b4 66. Rb6 Kc3 67. a6 b3 68. a7 b2 69. a8Q Kc2 70. Qe4+ Kc3 71. Qb1 Kc4 72. Qxb2 Kc5 73. Qb4+ Kd5 74. Rb5+ Kc6 75. Qc5+ Kd7 76. Rb7+ Kd8 77. Qc7# 1-0